000
00288nam a2200097Ia 4500
082
_a
598.2968 CALT
245
0
_a
Know your water birds ; river & estuary birds - coastal birds
100
_a
Caltex South Africa, ?
_9
85340
942
_c
BK
008
210817s9999 xx 000 0 und d
999
_c
318610
_d
318608